Catalog

Record Details

Catalog Search



One with you  Cover Image CD Audiobook CD Audiobook

One with you / Sylvia Day.

Day, Sylvia, (author.). Redfield, Jill, (narrator.). York, Jeremy, (narrator.).

Summary:

Eva and Gideon have bared their deepest, ugliest secrets to one another. Gideon is the mirror that reflects all her flaws, and all the beauty she couldn't see. Now she must prove she can be the rock, the shelter for him that he is for her. But their greatest battle may lie within the very vows that give them strength. Committing to love was only the beginning. Fighting for it will either set them free, or break them apart.

Record details

  • ISBN: 9781480568174
  • ISBN: 1480568171
  • ISBN: 9781480568211
  • ISBN: 148056821X
  • ISBN: 9781480568228
  • ISBN: 1480568228
  • Physical Description: 12 audio discs (14 hr., 37 min.) : CD audio, digital ; 4 3/4 in.
  • Edition: Unabridged
  • Publisher: Grand Haven, MI : Brilliance Audio, [2016]

Content descriptions

General Note:
Title from label.
Compact discs.
Participant or Performer Note:
Read by Jill Redfield and Jeremy York.
Subject: Married people > Fiction.
Man-woman relationships > Fiction.
Love > Fiction.
Genre: Romance fiction.
Audiobooks.

LDR 02291nim a2200577Ii 4500
001147354
003CONS
00520180531084147.0
007sd fsngnnmmneu
008160307s2016 miunnnn f n eng d
020 . ‡a9781480568174
020 . ‡a1480568171
020 . ‡a9781480568211 ‡q(library edition)
020 . ‡a148056821X ‡q(library edition)
020 . ‡a9781480568228
020 . ‡a1480568228
02802. ‡aBN9798 ‡bRecorded Books
02802. ‡a10btw4 ‡bBlackstone Audio
02802. ‡a11btw4 ‡bBlackstone Audio
02802. ‡a30btw4 ‡bBlackstone Audio
035 . ‡a(CPomAG)LMN606673
050 4. ‡aPS3604.A9875 ‡bO54 2016ab
08204. ‡a813.6 ‡223
1001 . ‡aDay, Sylvia, ‡eauthor.
24510. ‡aOne with you / ‡cSylvia Day.
250 . ‡aUnabridged
264 1. ‡aGrand Haven, MI : ‡bBrilliance Audio, ‡c[2016]
300 . ‡a12 audio discs (14 hr., 37 min.) : ‡bCD audio, digital ; ‡c4 3/4 in.
306 . ‡a143700
336 . ‡aspoken word ‡bspw ‡2rdacontent
337 . ‡aaudio ‡bs ‡2rdamedia
338 . ‡aaudio disc ‡bsd ‡2rdacarrier
340 . ‡b4 3/4 in.
344 . ‡adigital ‡2rda
347 . ‡aaudio file ‡bCD audio ‡2rda
4901 . ‡aA Crossfire novel
500 . ‡aTitle from label.
500 . ‡aCompact discs.
5110 . ‡aRead by Jill Redfield and Jeremy York.
520 . ‡aEva and Gideon have bared their deepest, ugliest secrets to one another. Gideon is the mirror that reflects all her flaws, and all the beauty she couldn't see. Now she must prove she can be the rock, the shelter for him that he is for her. But their greatest battle may lie within the very vows that give them strength. Committing to love was only the beginning. Fighting for it will either set them free, or break them apart.
650 0. ‡aMarried people ‡vFiction.
650 0. ‡aMan-woman relationships ‡vFiction.
650 1. ‡aLove ‡vFiction.
655 7. ‡aRomance fiction. ‡2lcgft
655 7. ‡aAudiobooks. ‡2lcgft
7001 . ‡aRedfield, Jill, ‡enarrator.
7001 . ‡aYork, Jeremy, ‡enarrator.
8001 . ‡aDay, Sylvia. ‡tCrossfire novel. ‡sSpoken word.
914 . ‡aSCP_kt
959 . ‡i32269001064792 ‡lBK/CD Day ‡aAdult - Audiobook ‡tAudiobook ‡g20.00 ‡dVerify 12 discs.
852 . ‡p32269001064792 ‡jBK/CD Day ‡gAdult - Audiobook ‡cAudiobook ‡y20.00 ‡bSBPL
901 . ‡a147354 ‡bUnknown ‡c147354 ‡tbiblio

Additional Resources